000
00318nam a2200133Ia 4500
008
191201s2015 xx 000 0 und d
100
_a
JAIN, T R
245
0
_a
Basics of Economics and Management
250
_a
Rep
260
_c
2015
_b
V K Enterprises
_a
New Delhi
300
_a
295
650
_a
CIVIL
942
_2
ddc
_c
BB
999
_c
7641
_d
7641